000 00677nam a22002057a 4500
008 160604s2007fr xxu||||| |||| 00| 0 eng d
020 _a9782908964523
082 0 4 _a708
_bD831b
100 1 _aBotella-Gragez, Marie-Louise.
_95153
245 1 0 _aValére du chéné :
_bbureau des ex-voto laïques /
_cMarie-Louise Botella-Gragez...[et. al.]
250 _a1a ed.
260 _aParís, Francia :
_bÉditions Villa Saint Clair,
_c2007.
300 _a200 p.
_bil. col.
653 1 0 _aExhibiciones
653 1 0 _aArte moderno
653 1 0 _aPintura
700 1 _aFarge, Arlette.
_ecoaut.
_95154
700 1 _aRévah, Noémie.
_ecoaut.
_95155
700 1 _aBrénon, Magali.
_ecoaut.
_95156
999 _c941
_d941